Statistics for WWII: Who won the battle?

Click here to take the quiz!

General Stats

  • This quiz has been taken 40 times
  • The average score is 8 of 15

Answer Stats

QuestionAnswer% Correct
Battle of BritainUnited Kingdom
97%
Pearl HarborJapan
95%
BerlinUSSR
89%
KurskUSSR
76%
CreteGermany
73%
SedanGermany
70%
BataanJapan
49%
Changsha (2nd battle)China
46%
Tali-IhantalaFinnland
41%
TarantoUnited Kingdom
38%
PindusGreece
35%
Kasserine PassGermany
32%
DakarVichy France
32%
2nd Battle of KharkovGermany
27%
KohimaIndia
11%

Score Distribution

Percentile by Number Answered

Percent of People with Each Score

Your Score History

You have not taken this quiz